00557nam a2200133 a 4500008004100000050001500041100002000056245008800076260000900164350000900173995009300182999001700275952013100292120416s1981 xx |||||||||||||| || u aTD 655 Rai aHarremoes, Paul10aRainfall as the basis for urban run-off design and analysiscedited by P. Harremoes c1981 a0.00 D0.00FCBU-MAIN LIBRARY (Kitwe)H1I35.00UAVAILABLEZMain Library Open Access Collection c55576d55576 00102lcc4070a001b001cMain Library Open Access Collectiond2022-11-30l0oTD 655 Raip015693r2022-11-30w2022-11-30y002